<?xml version="1.0" encoding="UTF-8"?>
<record
    xmlns:xsi="http://www.w3.org/2001/XMLSchema-instance"
    xsi:schemaLocation="http://www.loc.gov/MARC21/slim http://www.loc.gov/standards/marcxml/schema/MARC21slim.xsd"
    xmlns="http://www.loc.gov/MARC21/slim">

  <leader>01152nam a2200241 i 4500</leader>
  <controlfield tag="001">53816</controlfield>
  <controlfield tag="003">ES-MaACL</controlfield>
  <controlfield tag="005">20240219193312.0</controlfield>
  <controlfield tag="007">t|</controlfield>
  <controlfield tag="008">950206m18881896sp       l   s001 0 spa d</controlfield>
  <datafield tag="110" ind1="1" ind2=" ">
    <subfield code="a">Espa&#xF1;a. </subfield>
    <subfield code="b">Ministerio de Ultramar.</subfield>
    <subfield code="9">3937</subfield>
  </datafield>
  <datafield tag="245" ind1="1" ind2="0">
    <subfield code="a">Compilaci&#xF3;n legislativa del gobierno y administraci&#xF3;n civil de Ultramar : </subfield>
    <subfield code="b">arreglada en virtud de las Reales &#xD3;rdenes de 8 de febrero de 1886 y 29 de enero de 1888 / </subfield>
    <subfield code="c">por Manuel Fern&#xE1;ndez Mart&#xED;n.</subfield>
  </datafield>
  <datafield tag="260" ind1=" " ind2=" ">
    <subfield code="a">Madrid : </subfield>
    <subfield code="b">[s.n.], </subfield>
    <subfield code="c">1888-1896 (</subfield>
    <subfield code="f">Estab. Tip. de Lucas Polo)</subfield>
  </datafield>
  <datafield tag="300" ind1=" " ind2=" ">
    <subfield code="a">12 v. ; </subfield>
    <subfield code="c">23 cm.</subfield>
  </datafield>
  <datafield tag="505" ind1="1" ind2=" ">
    <subfield code="a">1-4 (1&#xBA; a 4&#xBA; trimestre de 1886) - 5-8 (1&#xBA; a 4&#xBA; trimestre de 1887) - 9-11 (1&#xBA; a 3&#xBA; cuatrimestre de 1888) - 12 (1&#xBA; cuatrimestre de 1889)</subfield>
  </datafield>
  <datafield tag="530" ind1=" " ind2=" ">
    <subfield code="a">Disponible en formato digital.</subfield>
  </datafield>
  <datafield tag="594" ind1=" " ind2=" ">
    <subfield code="a">La obra se public&#xF3; en 15 v. (hasta 1er. cuatrimestre de 1890)</subfield>
  </datafield>
  <datafield tag="650" ind1=" " ind2=" ">
    <subfield code="a">Derecho colonial-</subfield>
    <subfield code="z">Espa&#xF1;a.</subfield>
    <subfield code="9">170999</subfield>
  </datafield>
  <datafield tag="700" ind1="1" ind2=" ">
    <subfield code="a">Fern&#xE1;ndez Mart&#xED;n, Manuel,</subfield>
    <subfield code="d">1864-1902</subfield>
    <subfield code="9">49899</subfield>
  </datafield>
  <datafield tag="852" ind1=" " ind2=" ">
    <subfield code="a">ES-MaACL</subfield>
    <subfield code="j">B-8295-306</subfield>
  </datafield>
  <datafield tag="856" ind1=" " ind2=" ">
    <subfield code="u">http://bdh-rd.bne.es/viewer.vm?id=0000006197&amp;page=1 </subfield>
    <subfield code="z">Biblioteca Digital Hisp&#xE1;nica </subfield>
    <subfield code="z">(15 v.)</subfield>
  </datafield>
  <datafield tag="999" ind1=" " ind2=" ">
    <subfield code="c">53816</subfield>
    <subfield code="d">53816</subfield>
  </datafield>
  <datafield tag="952" ind1=" " ind2=" ">
    <subfield code="0">0</subfield>
    <subfield code="1">0</subfield>
    <subfield code="4">0</subfield>
    <subfield code="7">0</subfield>
    <subfield code="8">Colecci&#xF3;n_digital</subfield>
    <subfield code="a">ATENEOM</subfield>
    <subfield code="b">ATENEOM</subfield>
    <subfield code="c">SPB</subfield>
    <subfield code="d">2008-01-17</subfield>
    <subfield code="e">SC</subfield>
    <subfield code="l">0</subfield>
    <subfield code="o">B-8295-306</subfield>
    <subfield code="p">1056557</subfield>
    <subfield code="r">2023-02-23 00:00:00</subfield>
    <subfield code="w">2023-02-23</subfield>
    <subfield code="y">MONANT</subfield>
  </datafield>
</record>
